| 000 | 01223nam a2200229Ia 4500 | ||
|---|---|---|---|
| 003 | Ost | ||
| 005 | 20260416102353.0 | ||
| 008 | 260416s9999||||xx |||||||||||||| ||und|| | ||
| 040 | _cfsecg | ||
| 041 | _aara | ||
| 082 | _a519.72 | ||
| 100 |
_aقارة، سميرة _eمؤلف |
||
| 245 | 0 |
_aمحاضرات في رياضيات المؤسسة / _c سميرة قارة |
|
| 260 |
_aالجزائر _bجامعة الجزائر3: كلية العلوم الإقتصادية، العلوم التجارية وعلوم التسيير _c2017 |
||
| 300 |
_a66 ورقة _bايضاحات _c30 سم |
||
| 504 | _aمراجع ص.65 | ||
| 520 | _aمفهوم البرمجة الخطية، طرق حل مشكلة البرمجة الخطية، الحالات الخاصة في البرمجة الخطية، النظرية الثنائية (النموذج المقابل) في البرمجة الخطية، تحليل الحساسية (مابعد الأمثلية) | ||
| 653 | _aالبرمجة ( رياضيات) | ||
| 653 | _aالبرمجة الخطية | ||
| 710 |
_aجامعة الجزائر3: كلية العلوم الإقتصادية، العلوم التجارية وعلوم التسيير _eناشر علمي |
||
| 942 | _cHANDOUT | ||
| 999 |
_c41076 _d41076 |
||